Africa and the West; (Record no. 131497)
[ view plain ]
| 000 -LEADER | |
|---|---|
| fixed length control field | 00712cam a2200241u 4500 |
| 001 - CONTROL NUMBER | |
| control field | 9843594 |
| 003 - CONTROL NUMBER IDENTIFIER | |
| control field | ARRUPE |
| 005 - DATE AND TIME OF LATEST TRANSACTION | |
| control field | 20220524072914.0 |
| 008 - FIXED-LENGTH DATA ELEMENTS--GENERAL INFORMATION | |
| fixed length control field | 810213s1962 nyu 000 0 eng |
| 010 ## - LIBRARY OF CONGRESS CONTROL NUMBER | |
| LC control number | 62009463 |
| 040 ## - CATALOGING SOURCE | |
| Original cataloging agency | DLC |
| Transcribing agency | CarP |
| Modifying agency | DLC |
| 043 ## - GEOGRAPHIC AREA CODE | |
| Geographic area code | f------ |
| 050 00 - LIBRARY OF CONGRESS CALL NUMBER | |
| Classification number | DT30 |
| Item number | .R5 |
| 300 ## - PHYSICAL DESCRIPTION | |
| Dimensions | 21cm. |
| 100 1# - MAIN ENTRY--PERSONAL NAME | |
| Personal name | Rivkin, Arnold. |
| 9 (RLIN) | 51765 |
| 245 10 - TITLE STATEMENT | |
| Title | Africa and the West; |
| Remainder of title | elements of free-world policy |
| Statement of responsibility, etc | Arnold Rivkin |
| 260 ## - PUBLICATION, DISTRIBUTION, ETC. (IMPRINT) | |
| Place of publication, distribution, etc | London, |
| Name of publisher, distributor, etc | Thames |
| Date of publication, distribution, etc | [1962] |
| 300 ## - PHYSICAL DESCRIPTION | |
| Extent | 241p. ; |
| 651 #0 - SUBJECT ADDED ENTRY--GEOGRAPHIC NAME | |
| Geographic name | Africa |
| General subdivision | Military policy. |
| 9 (RLIN) | 51766 |
| 651 #0 - SUBJECT ADDED ENTRY--GEOGRAPHIC NAME | |
| Geographic name | Africa |
| General subdivision | Social policy. |
| 9 (RLIN) | 51767 |
| 651 #0 - SUBJECT ADDED ENTRY--GEOGRAPHIC NAME | |
| Geographic name | Africa |
| General subdivision | Economic policy. |
| 9 (RLIN) | 12207 |
| 906 ## - LOCAL DATA ELEMENT F, LDF (RLIN) | |
| a | 0 |
| b | cbc |
| c | premunv |
| d | u |
| e | ncip |
| f | 19 |
| g | y-gencatlg |
| 942 ## - ADDED ENTRY ELEMENTS (KOHA) | |
| Source of classification or shelving scheme | Library of Congress Classification |
| Koha item type | Monograph ( Printed materials) |
| Withdrawn status | Lost status | Source of classification or shelving scheme | Damaged status | Not for loan | Collection code | Home library | Current library | Shelving location | Date acquired | Total Checkouts | Full call number | Barcode | Date last seen | Price effective from | Koha item type |
|---|---|---|---|---|---|---|---|---|---|---|---|---|---|---|---|
| Library of Congress Classification | Main Collection | ARRUPE LIBRARY | ARRUPE LIBRARY | Main Collection | 24/05/2022 | DT30 .R5 | 46600008728 | 24/05/2022 | 24/05/2022 | Monograph ( Printed materials) |